21 Irrefutable Laws Of Leadership (Record no. 303692)

MARC details
000 -LEADER
fixed length control field 00358nam a2200145Ia 4500
008 - FIXED-LENGTH DATA ELEMENTS--GENERAL INFORMATION
fixed length control field 230718s9999 xx 000 0 und d
041 ## - LANGUAGE CODE
Language code of text/sound track or separate title eng
082 ## - DEWEY DECIMAL CLASSIFICATION NUMBER
Classification number 340
Item number MAX
100 ## - MAIN ENTRY--PERSONAL NAME
Personal name Maxwell J.C.
245 ## - TITLE STATEMENT
Title 21 Irrefutable Laws Of Leadership
260 ## - PUBLICATION, DISTRIBUTION, ETC. (IMPRINT)
Date of publication, distribution, etc. 1999
Name of publisher, distributor, etc. Magna
365 ## - TRADE PRICE
Currency code Rs.
Price amount 175.00
700 ## - ADDED ENTRY--PERSONAL NAME
Personal name Maxwell J.C.
906 ## - LOCAL DATA ELEMENT F, LDF (RLIN)
d B:454725-May-2002
c OTH
Holdings
Withdrawn status Lost status Damaged status Not for loan Home library Current library Date acquired Vendor Budget Code Cost, normal purchase price Bill number Total Checkouts Full call number Barcode Date last seen Cost, replacement price Bill Date Koha item type Original Barcode
        Cummins College of Engineering for Women Pune Cummins College of Engineering for Women Pune 20/06/2002 Technical Book Services OTH 175.00 4547   340 CCEP-BK-14899 18/07/2023 175.00 25/05/2002 Books 014899